000 00815cam a2200253u 4500
001 3122
003 BD-RjUL
005 20211208233659.0
008 131218s1960 le 001 0 eng
035 _a(BD-RjUL)3156
040 _aDLC
_cCarP
_dBD-RjUL
_beng
041 _aeng
082 0 4 _219
_a341.75026
_bSIL 1960
100 1 _aSiksek, Simon G.
_d1922-
_99893
245 1 4 _aThe legal framework for oil concessions in the Arab world /
_cSimon G. Siksek
260 _aBeirut ; Lebanon :
_bMiddle East Research and Pub. Center,
_cc1960.
300 _axii,140 p. ;
_c22 cm.
504 _aIncludes bibliography and index.
650 0 _aConcessions
_zArab countries.
_99894
650 0 _aPetroleum law and legislation
_zArab countries.
_99895
942 _2ddc
_cBK
999 _c3122
_d3122